Statistics for Countries With One Vowel (read instructions)

Click here to take the quiz!

General Stats

  • This quiz has been taken 314 times
    (289 since last reset)
  • The average score is 14 of 27

Answer Stats

Answer% Correct
Canada
79%
Japan
77%
Chad
74%
Fiji
73%
Togo
70%
Panama
69%
Sweden
65%
Yemen
63%
Ghana
62%
Greece
62%
Morocco
61%
Qatar
58%
Egypt
57%
Bahamas
55%
Comoros
55%
Kosovo
49%
Rwanda
49%
Malta
47%
Kazakhstan
46%
Madagascar
44%
Cyprus
38%
Congo, (Democratic Republic of the)
35%
Congo, (Republic of the)
35%
Seychelles
33%
Kyrgyzstan
29%
Marshall, (Islands)
14%
Solomon, (Islands)
14%

Score Distribution

Percentile by Number Answered

Percent of People with Each Score

Your Score History

You have not taken this quiz since the last reset